5HLuxD.jpg

KING HENRY VIII SENIOR AND PRIMARY SCHOOL LIBRARY OPAC

Complete mathematics for Cambridge IGCSE : (Record no. 3065)

000 -LEADER
fixed length control field 01055nam a2200325 i 4500
001 - CONTROL NUMBER
control field 020844354
003 - CONTROL NUMBER IDENTIFIER
control field UkOxU
005 - DATE AND TIME OF LATEST TRANSACTION
control field 20230929152816.0
008 - FIXED-LENGTH DATA ELEMENTS--GENERAL INFORMATION
fixed length control field 160902s2017 enka 000|0|eng|d
015 ## - NATIONAL BIBLIOGRAPHY NUMBER
National bibliography number GBB6C7168
Source bnb
016 7# - NATIONAL BIBLIOGRAPHIC AGENCY CONTROL NUMBER
Record control number 018008651
Source Uk
020 ## - INTERNATIONAL STANDARD BOOK NUMBER
International Standard Book Number 9780198378396
Qualifying information paperback
035 ## - SYSTEM CONTROL NUMBER
System control number (Uk)018008651
040 ## - CATALOGING SOURCE
Original cataloging agency StDuBDS
Language of cataloging eng
Description conventions rda
Transcribing agency StDuBDS
Modifying agency UkOxU
-- KH8
082 04 - DEWEY DECIMAL CLASSIFICATION NUMBER
Classification number 510 RAY
Edition number 23
100 1# - MAIN ENTRY--PERSONAL NAME
Personal name Rayner, David,
Dates associated with a name 1949 April 23-
Relator term author.
245 10 - TITLE STATEMENT
Title Complete mathematics for Cambridge IGCSE :
Name of part/section of a work Revision guide /
Statement of responsibility, etc. David Rayner, Paul Williams.
250 ## - EDITION STATEMENT
Edition statement Fourth edition.
264 #1 - PRODUCTION, PUBLICATION, DISTRIBUTION, MANUFACTURE, AND COPYRIGHT NOTICE
Place of production, publication, distribution, manufacture Oxford :
Name of producer, publisher, distributor, manufacturer Oxford University Press,
Date of production, publication, distribution, manufacture, or copyright notice 2017.
264 #4 - PRODUCTION, PUBLICATION, DISTRIBUTION, MANUFACTURE, AND COPYRIGHT NOTICE
Date of production, publication, distribution, manufacture, or copyright notice ©2017
300 ## - PHYSICAL DESCRIPTION
Extent 170 pages :
Other physical details illustrations ;
Dimensions 30 cm
336 ## - CONTENT TYPE
Content type term text
Source rdacontent
337 ## - MEDIA TYPE
Media type term unmediated
Source rdamedia
338 ## - CARRIER TYPE
Carrier type term volume
Source rdacarrier
500 ## - GENERAL NOTE
General note "For the updated syllabus".
500 ## - GENERAL NOTE
General note "Oxford excellence for Cambridge IGCSE".
650 #0 - SUBJECT ADDED ENTRY--TOPICAL TERM
Topical term or geographic name entry element Mathematics
General subdivision Examinations
Form subdivision Study guides.
700 1# - ADDED ENTRY--PERSONAL NAME
Personal name Williams, Paul,
Dates associated with a name 1971-
Relator term author.
942 ## - ADDED ENTRY ELEMENTS (KOHA)
Source of classification or shelving scheme
Koha item type Teaching Resources
Holdings
Withdrawn status Lost status Source of classification or shelving scheme Damaged status Not for loan Collection code Permanent Location Current Location Shelving location Date acquired Full call number Barcode Date last seen Copy number Price effective from Koha item type
          Teaching Resources KH8 Senior School Library KH8 Senior School Library Staff Office 2023-09-29 510 RAY TRKHSL003840 2023-09-29 1 2023-09-29 Teaching Resources
          Teaching Resources KH8 Senior School Library KH8 Senior School Library Staff Office 2023-09-29 510 RAY TRKHSL003841 2023-09-29 2 2023-09-29 Teaching Resources
          Teaching Resources KH8 Senior School Library KH8 Senior School Library Staff Office 2023-09-29 510 RAY TRKHSL003842 2023-09-29 3 2023-09-29 Teaching Resources
          Teaching Resources KH8 Senior School Library KH8 Senior School Library Staff Office 2023-09-29 510 RAY TRKHSL003843 2023-09-29 4 2023-09-29 Teaching Resources
          Teaching Resources KH8 Senior School Library KH8 Senior School Library Staff Office 2023-09-29 510 RAY TRKHSL003844 2023-09-29 5 2023-09-29 Teaching Resources
          Teaching Resources KH8 Senior School Library KH8 Senior School Library Staff Office 2023-09-29 510 RAY TRKHSL003845 2023-09-29 6 2023-09-29 Teaching Resources
          Teaching Resources KH8 Senior School Library KH8 Senior School Library Staff Office 2023-09-29 510 RAY TRKHSL003846 2023-09-29 7 2023-09-29 Teaching Resources
          Teaching Resources KH8 Senior School Library KH8 Senior School Library Staff Office 2023-09-29 510 RAY TRKHSL003847 2023-09-29 8 2023-09-29 Teaching Resources
          Teaching Resources KH8 Senior School Library KH8 Senior School Library Staff Office 2023-09-29 510 RAY TRKHSL003848 2023-09-29 9 2023-09-29 Teaching Resources
          Teaching Resources KH8 Senior School Library KH8 Senior School Library Staff Office 2023-09-29 510 RAY TRKHSL003849 2023-09-29 10 2023-09-29 Teaching Resources
          Teaching Resources KH8 Senior School Library KH8 Senior School Library Staff Office 2023-09-29 510 RAY TRKHSL003850 2023-09-29 11 2023-09-29 Teaching Resources
          Teaching Resources KH8 Senior School Library KH8 Senior School Library Staff Office 2023-09-29 510 RAY TRKHSL003851 2023-09-29 12 2023-09-29 Teaching Resources
          Teaching Resources KH8 Senior School Library KH8 Senior School Library Staff Office 2023-09-29 510 RAY TRKHSL003852 2023-09-29 13 2023-09-29 Teaching Resources
          Teaching Resources KH8 Senior School Library KH8 Senior School Library Staff Office 2023-09-29 510 RAY TRKHSL003853 2023-09-29 14 2023-09-29 Teaching Resources
          Teaching Resources KH8 Senior School Library KH8 Senior School Library Staff Office 2023-09-29 510 RAY TRKHSL003854 2023-09-29 15 2023-09-29 Teaching Resources
          Teaching Resources KH8 Senior School Library KH8 Senior School Library Staff Office 2023-09-29 510 RAY TRKHSL003855 2023-09-29 16 2023-09-29 Teaching Resources
          Teaching Resources KH8 Senior School Library KH8 Senior School Library Staff Office 2023-09-29 510 RAY TRKHSL003856 2023-09-29 17 2023-09-29 Teaching Resources
          Teaching Resources KH8 Senior School Library KH8 Senior School Library Staff Office 2023-09-29 510 RAY TRKHSL003857 2023-09-29 18 2023-09-29 Teaching Resources
          Teaching Resources KH8 Senior School Library KH8 Senior School Library Staff Office 2023-09-29 510 RAY TRKHSL003858 2023-09-29 19 2023-09-29 Teaching Resources
          Teaching Resources KH8 Senior School Library KH8 Senior School Library Staff Office 2023-09-29 510 RAY TRKHSL003859 2023-09-29 20 2023-09-29 Teaching Resources

Powered By KH8 IT Dept